Marvel Characters Ending in 'Boy' - Statistics

General Stats
  • This quiz has been taken 17 times
  • The average score is 3 of 5
Answer Stats
# Answer % Correct
1 Marvel Boy
100%
3 Marvel Boy (Robert Grayson)
100%
4 Spider-Boy
71%
5 Squid Boy
36%
2 Moon-Boy
29%
No matching quizzes found
Score Distribution
Percent of People with Each Score
Percentile by Number Answered
Your Score History
You have not taken this quiz